Score 0/22 Timer 03:00
2 Plays Today
Hint 5-Letter Word % Correct
Coloring substance used for wallsPAINT
97.2%
'The Day the Earth Stood _____' (2008)
Alien invasion remake
STILL
96.8%
'Don't ____ the Beans!'SPILL
94.7%
Farm animal managed by a shepherdSHEEP
94.6%
Holy figureSAINT
93.5%
Piece of cloth used to cover a mattressSHEET
93.2%
Baked food containing water, flour, and yeastBREAD
89.6%
What a baby chicken might sayCHEEP
89.2%
'_____' (1994)
Bomb on a bus
SPEED
88.8%
At a sharp inclineSTEEP
88.2%
Mate and then produce offspringBREED
87.9%
Hint 5-Letter Word % Correct
A set of beliefs or aims that guide someone's actions (or boxer Apollo)CREED
86.6%
Horse used for riding, archaicallySTEED
84.9%
Radiohead or TLC hitCREEP
83.9%
Upright pole used to prop someone upSTILT
81.9%
Win every game in a seriesSWEEP
81.3%
'____ November' (2001)
Charlize Theron romance
SWEET
81.2%
Period of time spent at a particular activitySTINT
79.8%
Gathered information secretlySPIED
79.6%
Rehearsed speech meant to persuadeSPIEL
78.4%
'____ [Last Rung]' (1991)
Movie about a surfing heist
POINT
68.7%
'[First Rung] _____' (1991)
Movie about a surfing heist
BREAK
68.7%

Today's Daily Dose

Remove Ads.
Support Sporcle.
Get the best of Sporcle when you Go Orange. This ad-free experience offers more features, more stats, and more fun while also helping to support Sporcle. Thank you for becoming a member.

You're not logged in!

Compare scores with friends on all Sporcle quizzes.
OR
Log In

Show Comments

Extras

Top Quizzes Today


Score Distribution

Your Account Isn't Verified!

In order to create a playlist on Sporcle, you need to verify the email address you used during registration. Go to your Sporcle Settings to finish the process.

Report this User

Report this user for behavior that violates our Community Guidelines.

Details: